| 000 | 00980nam a22002177a 4500 | ||
|---|---|---|---|
| 999 |
_c28956 _d28956 |
||
| 003 | BDDh-ASL | ||
| 005 | 20231016062619.0 | ||
| 008 | 220619s2019 b ||||| |||| 00| 0 b d | ||
| 040 | _cBDDh-ASL | ||
| 082 |
_a922 _bSAM |
||
| 100 | 1 |
_96336 _aসালাহি, আদিল |
|
| 245 | 1 |
_aমানুষ ও রসুল মুহাম্মদ: _bসাল্লাল্লাহু আলাইহি ওয়াসাল্লাম / |
|
| 246 | _aManush O Rasul Muhammad. | ||
| 260 |
_aঢাকা: _bখোশরোজ কিতাব মহল লি:, _c২০১৯। |
||
| 300 |
_a১০৭৮ পৃষ্ঠা: _c২২ সে.মি. |
||
| 504 | _aগ্রন্থপঞ্জি ও নির্ঘণ্ট সংযুক্ত । | ||
| 600 | 1 | 0 |
_96337 _aমুহাম্মদ, হযরত _c(সঃ) |
| 650 | 0 |
_abiographical dictionary - চরিতাভিধান _94665 |
|
| 700 | 1 |
_94458 _aজাফর, আবু |
|
| 942 |
_2ddc _cBK |
||